| 000 | 01245nam a22002417a 4500 | ||
|---|---|---|---|
| 001 | 9777 | ||
| 003 | FISKH | ||
| 005 | 20260223150915.0 | ||
| 008 | 260223b cb ||||| |||| 00| 0 eng d | ||
| 020 | _a9780755500093 | ||
| 040 |
_aFISKH _beng _cFISKH _dFISKH |
||
| 050 | _aPZ7 .M2695 .T | ||
| 082 | _a813.6 | ||
| 100 | _aMafi, Tahereh | ||
| 245 |
_aThis woven kingdom / _cTahereh Mafi |
||
| 260 |
_aLondon : _bHarper Collins Publisher, _c2022 |
||
| 300 |
_a494 pages : _c20 cm |
||
| 490 |
_aThis Woven Kingdom : _vBook one |
||
| 520 | _aTo all the world, Alizeh is a disposable servant, not the long-lost heir to an ancient Jinn kingdom forced to hide in plain sight. The crown prince, Kamran, has heard the prophecies foretelling the death of his king. But he could never have imagined that the servant girl with the strange eyes, the girl he can't put out of his mind, would one day soon uproot his kingdom—and the world. Perfect for fans of Leigh Bardugo, Tomi Adeyemi, and Sabaa Tahir, this is the explosive first book in a new fantasy trilogy from the New York Times bestselling and National Book Award-nominated author Tahereh Mafi. | ||
| 650 |
_aHigh Fantasy _vRomance _xYoung Adult |
||
| 942 |
_2ddc _cBK _n0 |
||
| 999 |
_c9777 _d9777 |
||